| 000 | 00337nam a2200109Ia 4500 | ||
|---|---|---|---|
| 008 | 171211s9999 xx 000 0 und d | ||
| 245 | _aAcrylic Solutions: Exploring Mixed Media Layer by Layer | ||
| 245 | _cChris Cozen and Julie Prichard | ||
| 260 | _c2013 | ||
| 650 | _xDrawing | ||
| 856 | _uhttp://down.ebook777.com/019/9781440321122.rar | ||
| 999 |
_c347993 _d347993 |
||